1 Euro Coins Quiz - Statistics

General Stats
  • This quiz has been taken 94 times
    30 since last reset
  • The average score is 18 of 25
Answer Stats
Picture Answer % Correct
Austria
95%
Italy
95%
Greece
85%
Ireland
85%
Croatia
80%
Germany
80%
Lithuania
80%
Slovakia
80%
France
75%
Malta
75%
Andorra
70%
Finland
70%
Netherlands
70%
San Marino
70%
Vatican City
70%
Bulgaria
65%
Estonia
65%
Portugal
65%
Slovenia
65%
Belgium
60%
Monaco
60%
Spain
60%
Cyprus
55%
Latvia
55%
Luxembourg
50%
No matching quizzes found
Score Distribution
Percent of People with Each Score
Percentile by Number Answered
Your Score History
You have not taken this quiz since the last reset